[Event "Montreal 6th"]
[Site "Montreal"]
[Date "2005.08.05"]
[Round "3"]
[White "Huzman, Alexander"]
[Black "Kogan, Artur"]
[Result "1/2-1/2"]
[WhiteElo "2577"]
[BlackElo "2580"]
[Annotator "Mikhalevski,V"]
[PlyCount "47"]
[EventDate "2005.08.03"]
[EventType "tourn"]
[EventRounds "11"]
[EventCountry "CAN"]
[EventCategory "12"]
[SourceTitle "CBM 109"]
[Source "ChessBase"]
[SourceDate "2005.11.14"]
[SourceVersion "1"]
[SourceVersionDate "2005.11.14"]
[SourceQuality "1"]

1. d4 d5 2. c4 e6 3. Nf3 c6 4. Qc2 dxc4 5. Qxc4 Nf6 6. Bg5 Qb6 $6 {A very rare
and dangerous for Black continuation which is typical for Arthur's approach to
the opening theory. He's looking for unclear positions at any cost and at the
same time is trying to surprise the opponent.} (6... b5 {is the main line. See
Bu Xiangzhi-Tregibov,P Moscow Aeroflot op 2005/ CBM106 [Mikhalevski,V]}) 7.
Nbd2 $1 {The most logical. White sacrifices a pawn, but wins a lot of tempi.
Black will need at least three moves to bring his queen back home.} (7. Qc2 {
is less promising.} c5 $5 (7... Nbd7 $5) 8. Nc3 Nc6 (8... cxd4 {[%tqu "En","",
"","","c3d5","",10]} 9. Nd5 $3 Qa5+ 10. Bd2 (10. b4 $6 Qxd5) 10... Qxd5 11.
Qxc8+ Qd8 12. Qxb7 Nbd7 13. Nxd4 $14) 9. Bxf6 gxf6 10. e3 $1 cxd4 11. exd4 Bh6
12. Rd1 O-O 13. Bc4 Rd8 14. O-O (14. d5 $5) 14... Nxd4 15. Nxd4 Rxd4 16. Na4
Qd6 17. Rxd4 Qxd4 18. Rd1 Qe5 19. Rd8+ Kg7 20. Bf1 Qa5 21. Rd4 $44 {1-0
Gustafsson,J-Volkmann,F/Austria 2001/CBM 081 ext (25). (24)}) 7... Qxb2 8. Rb1
Qa3 9. e4 Nbd7 {Black protects the knight on f6 not allowing to destroy his
pawn structure on the kingside.} ({Tregubov tried to defend Black's position
by means of} 9... b6 {not less than twice and in the second game he got under
a strong pressure and lost quickly.} 10. Qc2 Ba6 11. Bc4 $1 $146 (11. Nc4 $6
Bb4+ 12. Kd1 Bxc4 13. Bxc4 Qc3 14. Qe2 Be7 15. Rb3 Qa5 {1/2-1/2 Gofshtein,
L-Tregubov,P/Bourbon Lancy 1997/CBM 062 ext (45)} (15... Nxe4 $1 $17)) 11...
Bxc4 12. Nxc4 Qa6 13. O-O $1 {1-0 Sakaev,K-Tregubov,P/St Petersburg 1998/CBM
067/[Epishin] (29)}) 10. Bd3 {Now Black has a certain problem with the
development of the kingside.} h6 $1 {An improvement upon 10...Nb6. Black's
idea is simple- he wants to complete the development of the kingside.} ({
The only earlier game saw} 10... Nb6 11. Qc2 Bb4 12. Rb3 Qa5 13. O-O h6 14.
Bxf6 gxf6 15. Nc4 Nxc4 16. Bxc4 Bd6 17. d5 Qc7 18. dxe6 fxe6 19. e5 fxe5 20.
Rd1 Rg8 21. Nd2 {[%cal Gd2e4] 1-0 Khenkin,I-Ramirez Alvarez,A/Moscow 2004/EXT
2005 (52). (51) and White created a strong initiative and eventually won.}) ({
For example after} 10... Be7 {White can either exchange the dark-squared
bishop immediately by means of} 11. e5 ({Or} 11. Qc2 {[%cal Gd2c4]} Qa5 12. O-O
{keeping the idea of e5 for better times.}) 11... Nd5 12. Bxe7 {[%csl Rd6]
creating a weakness on d6.}) 11. Bf4 ({In case of} 11. Bh4 Nh5 {[%csl Rd3,Rg2]
[%cal Gh5f4] would be strong penetrating to f4.}) 11... Be7 (11... g5 12. Bc7)
(11... Qa5 $5) 12. Qc2 {[%cal Gd2c4] White creates the threat Nc4.} (12. Bc7 {
[%csl Ra5][%cal Gc4c2] was interesting taking away the a5-square from the
black queen. F.e.} O-O 13. Qc2 {[%cal Gd2c4]}) 12... Qa5 {Black runs away with
the queen.} 13. O-O O-O {Black has succeeded to develop his kingside and bring
the queen back, but his position remains passive, though reliable.} 14. Nb3 {
Huzman places his knight on b3 in order to control the important advance c6-c5.
} ({Nevertheless} 14. Nc4 {was worth trying as the knight is more active on c4
and has the option to jump to d6.}) 14... Qd8 {[%cal Gf6h5] It's
understandable that Black wants to keep the queen safe, but it was possible to
disturb White by means of} (14... Qa4) 15. h3 $1 {A useful move. White wants
to preserve the bishop on the b8-h2 diagonal.} (15. Rfd1 $5 Nh5 16. Bd2 Nhf6
17. Ba5 b6 18. Qxc6 Rb8 19. Be1 Bb7 20. Qc2 $14) 15... Re8 16. Rfd1 Bf8 {
Black is lack of active ideas, but his position is tough to break.} 17. Bh2 {
White has reached the maximum. What's next?} a5 {Black urgently needs some
fresh air.} 18. Nbd2 ({In case of} 18. a4 {Black would get the b4-square for
the bishop.}) 18... a4 19. Nc4 {[%cal Gc4d6] Finally the knight comes back to
c4 and gets ready to jump to d6.} Ra7 20. Bf1 {It's difficult to win by doing
nothing.} ({I believe now it was a good chance to jump to d6 and thus to
almost force an exchange of the darksquared bishop.} 20. Nd6 Bxd6 (20... Re7 $2
{is bad.} 21. Rb4 {[%csl Ra4]} ({Also} 21. d5 {looks strong with the idea} exd5
22. exd5 Nxd5 23. Bh7+ Kh8 24. Rxd5 {and recapture on d5 leads to big material
losses.} cxd5 25. Nxc8 $18 {[%csl Ra7,Re7] and White wins.}) 21... a3 22. Rdb1
{[%csl Rb7]}) 21. Bxd6 $14) 20... Nh7 21. d5 $6 {White breaks through in a
very unfortunate moment.} (21. Nd6 {was strong again. Exchanging the
dark-squared bishop White obtains better play.} Bxd6 22. Bxd6 $14) 21... exd5
22. exd5 Ng5 $1 23. Nd4 Qf6 $1 ({In case of} 23... cxd5 24. Nb5 Ra6 25. Rxd5 {
White is pressurizing.}) 24. dxc6 {Huzman felt that he did something wrong and
decided to offer a draw.} ({Probably after} 24. dxc6 bxc6 25. Nf5 {he could
still try to play on.} ({But not} 25. Ne3 $6 Nc5 26. Rb6 Bd7 $15)) 1/2-1/2

[Event "Noyabrsk Fakel Jamala"]
[Site "Noyabrsk"]
[Date "2003.11.20"]
[Round "3"]
[White "Yakovich, Yuri"]
[Black "Brodsky, Michail"]
[Result "1-0"]
[WhiteElo "2573"]
[BlackElo "2559"]
[Annotator "Mikhalevski,V"]
[PlyCount "47"]
[EventDate "2003.11.18"]
[EventType "tourn"]
[EventRounds "11"]
[EventCountry "RUS"]
[EventCategory "10"]
[SourceTitle "CBM 099"]
[Source "ChessBase"]
[SourceDate "2004.03.30"]
[SourceVersion "1"]
[SourceVersionDate "2004.03.30"]
[SourceQuality "1"]

1. c4 Nf6 2. g3 e6 3. Bg2 d5 4. Nf3 dxc4 5. Qa4+ c6 6. Qxc4 b5 7. Qc2 Bb7 8. d4
Nbd7 9. Ne5 Qb6 10. Be3 c5 11. Nxd7 Nxd7 12. Bxb7 Qxb7 13. O-O Rc8 {Black
maintains the pressure.} ({Also the less popular} 13... cxd4 $5 {deserves
serious attention:} 14. Bxd4 e5 $5 (14... Rc8 15. Nc3 b4 (15... e5 $5) 16. Qe4
Qxe4 17. Nxe4 f5 (17... a5 18. Rac1 $1 Ra8 19. Rfd1 e5 20. Be3 Be7 21. Rc7 Nf6
22. Nxf6+ Bxf6 23. Bc5 $16 {1-0 Todorov,O-Kosic,D/Leposavic 2003/EXT 2004 (27)}
) 18. Ng5 e5 19. Bxa7 Be7 20. Be3 h6 21. Nf3 Kf7 22. Rfc1 $14 {1/2-1/2 Raetsky,
A-Sveshnikov,E/Moscow 1994/CBM 45 ext (36)}) 15. Be3 Be7 {1/2-1/2 Linskiy-Vera,
Quebec Open,1997}) 14. Rc1 c4 $6 {Despite this move seemed to be the main line
I believe that was the main reason for the following troubles.} (14... Be7 $1 {
I believe that after this precise move Black equalizes easily:} 15. dxc5 (15.
Nc3 O-O 16. dxc5 Bxc5 17. Qe4 Qb6 18. b4 Bxe3 19. Qxe3 Qxe3 20. fxe3 a6 $17 21.
a4 Rc4 22. axb5 axb5 23. Nxb5 Rxb4 {0-1 Arsovic,Z-Vukovic,Z/Vrnjacka Banja
1999/EXT 2000 (43)}) 15... Nxc5 16. b4 (16. Nc3 $6 O-O 17. b4 $2 Na4 18. Qe4
Qxe4 19. Nxe4 Bxb4 20. Bxa7 $2 (20. Rxc8 $142 Rxc8 21. Bxa7) 20... Rxc1+ 21.
Rxc1 f5 $19 {[%csl Re4]} 22. Nc5 Ba3 23. Nb3 (23. Rc2 Rc8 {[%csl Rc5]}) 23...
Bxc1 {0-1 Kiseleva,N-Kosteniuk,A/Kragujevac 2000/CBM 79 ext (23)}) 16... Bf6
17. Nc3 Nd7 18. Qe4 Qa6 19. Bd4 O-O $11 {1/2-1/2 Raetsky,A-Rasch,H/Biel 1997/
CBM 60 ext (42). (42)}) 15. a4 $1 a6 $6 {Black shouldn't allow the opening of
the a-file.} ({Probably Black had to keep the a-file closed with} 15... b4 $5
16. Nd2 c3) 16. axb5 axb5 17. Nc3 {Now Black starts to experience problems.}
Bb4 ({Delay in the development is not recommended here:} 17... Nf6 $6 18. d5 $1
{[%cal Ga1a7] A typical break in these positions.} Nxd5 19. Ra7 Qc6 (19... Nxe3
20. Rxb7 Nxc2 21. Rxc2) 20. Nxd5 Qxd5 21. Rd1 Qc6 22. Qc3 {[%csl Re8] with an
unpleasant pressure.1-0 Kiseleva,N-Zivkovic,V/Antalya 2002/CBM 90 ext (26)})
18. d5 $1 {[%cal Ga1a7] Opening the a7-g1 diagonal White creates a threat of
Ra7.} Bxc3 $2 {A very strange decision. It seems that Black simply missed
White's intermediate move. Somehow even Fritz doesn't feel the danger here! So,
maybe it was prepared at home as a novelty?!} ({In all earlier games Black
made the only possible move} 18... exd5 {However after} 19. Ra7 Qc6 20. Rca1 $1
{[%csl Rc6][%cal Ga1a6] White develops an unpleasant initiative.This is much
better than earlier 20.Nxd5. Now suddenly the Q finds itself in a trap.} (20.
Nxd5 Qxd5 21. Rd1 Qe6 22. Raxd7 (22. Rdxd7 O-O 23. Qd1 Bc5 24. Bxc5 Rxc5 $11 {
1/2-1/2 Akesson,R-Gausel,E/Reykjavik 1997/CBM 62 (49)}) 22... O-O $11 {1/2-1/2
Raetsky,A-Tregubov,P/Krasnodar 1995/CBM 47 ext (65)}) 20... Nb8 (20... Bxc3 21.
R1a6 $1) 21. Qf5 O-O (21... Qe6 22. Qxd5 $1 (22. Rxf7 $5) 22... Qxd5 23. Nxd5
Bd6 24. Rb7 {[%csl Rb5] and White wins a pawn.}) 22. Nxd5 Bc5 23. Bxc5 $1 (23.
Bd4 $5) 23... Qxc5 24. Rb7 $1 Kh8 25. Ra5 $1 $16 (25. Ra8 {0-1 Kiseleva,N-Peng,
Z/Warsaw 2001/CBM 82 ext (52). (52)})) 19. Ra7 $1 {Decisive intermediate move.
Now I don't see a good defense.} Qxd5 (19... Qb8 20. dxe6 fxe6 21. Qxc3 $18)
20. Rd1 $1 {[%csl Rd7] Another important intermediate move.} Qf5 (20... Qe5 21.
Rdxd7 $1 Bb4 (21... Bxb2 22. Re7+ Kf8 23. Qd2 $1 $18 {[%cal Gd2d7]}) 22. Rxf7
$18 {[%csl Re8]}) 21. Qxc3 {[%csl Rd7,Rg7]} Ne5 (21... Nc5 22. Qxg7 $18) 22.
Qa3 $1 $18 {[%csl Re8][%cal Ga3e7]} Nc6 23. Ra8 $1 {[%csl Re8]} (23. Qd6 $1 {
[%cal Gd6d7]} Nxa7 (23... e5 24. Ra8 $1 {[%csl Rc6,Re8]} Nd4 (24... Nd8 25. Bc5
$1 {[%cal Gd6e7,Gd6d8]}) 25. Bxd4 Rxa8 (25... exd4 26. Rda1 $18 {[%cal Ga1a7]})
26. Qc6+ Qd7 (26... Ke7 27. Bc5#) 27. Qxa8+) 24. Qd7+ Kf8 25. Bxa7 $1 {[%csl
Rc8]} Re8 26. Qd6+ Kg8 27. Qe7 $1 $18) 23... e5 (23... Ne7 24. Bc5 $1 {[%csl
Rc8,Re7]} O-O (24... Qc2 25. Ra1 $1 O-O 26. Bxe7 Rxa8 27. Qxa8 $18) 25. Rxc8
Rxc8 26. Bxe7 $18) 24. Qc5 $1 {[%csl Rc6,Re8][%cal Gc5c6]} (24. Qc5 $1 Qe6 25.
Rd6) 1-0

[Event "Olympiad-36"]
[Site "Mallorca"]
[Date "2004.10.29"]
[Round "14"]
[White "Nogueiras Santiago, Jesus"]
[Black "Huzman, Alexander"]
[Result "0-1"]
[WhiteElo "2546"]
[BlackElo "2581"]
[Annotator "Mikhalevski,V"]
[PlyCount "76"]
[EventDate "2004.10.15"]
[EventType "team-swiss"]
[EventRounds "14"]
[EventCountry "ESP"]
[SourceTitle "CBM 104"]
[Source "ChessBase"]
[SourceDate "2005.01.27"]
[SourceVersion "1"]
[SourceVersionDate "2005.01.27"]
[SourceQuality "1"]
[WhiteTeam "Cuba"]
[BlackTeam "Israel"]
[WhiteTeamCountry "CUB"]
[BlackTeamCountry "ISR"]

1. d4 Nf6 2. Nf3 d5 3. c4 e6 4. e3 Be7 5. Nbd2 {"This modest continuation
purpose is to avoid forced well-investigated theory variations and to delay
the main struggle to middlegame stage." Tsesarsky.} O-O 6. b3 c5 7. Bb2 cxd4 {
A very rare, but logical continuation. Before developing his knight to c6
Black wants to determine situation in the centre.} (7... Nc6 {was played more
often. Here is one of the most known games in this line.} 8. cxd5 exd5 9. Be2
b6 10. Ne5 Nxe5 11. dxe5 Ne4 12. Nxe4 dxe4 13. Qc2 Bb7 14. Rd1 Qc7 15. Bc4 Rad8
16. O-O Rxd1 17. Rxd1 Rd8 18. e6 fxe6 19. Bxe6+ Kf8 20. h3 Rxd1+ 21. Qxd1 Qd6
22. Qg4 $14 {1-0 Karpov,A-Van Wely,L/Dubai UAE 2002/The Week in Chess 387 (60).
CBM89 [Tsesarsky].}) 8. Nxd4 $6 {White played the opening in a very original
way. So now after the move 8 the position is absolutely new.} ({In the only
preceding game White played} 8. exd4 Nc6 9. Bd3 dxc4 10. bxc4 a6 11. O-O b5 12.
cxb5 Nb4 13. Be2 axb5 14. a3 Nbd5 15. Bxb5 Rb8 16. a4 Bd7 17. Bxd7 Nxd7 18. Nc4
Qc8 19. Nfd2 Qa6 (19... Rb4 $5) 20. a5 Rfc8 {1/2-1/2 Kurajica,B-Varga,Z/
Medulin 1997/EXT 2000 (61). (60) and Black obtained compensation for the
sacrificed pawn.}) 8... Ne4 $5 {[%cal Ge7b4] Black is trying to exploit
White's king. The main idea is to play Bb4.} 9. Nxe4 (9. a3 $5 {preventing Bb4
deserved serious attention.}) 9... dxe4 10. Be2 $6 {There was no necessity to
stay with the king in the centre.} ({And again} 10. a3 {was possible.}) 10...
Qa5+ $1 11. Kf1 a6 $1 {[%csl Gb5] Huzman takes away the b5-square from the
white knight and thus prepares retreat of the queen to c7 and advance e5.} 12.
a3 {[%cal Gb3b4]} Qc7 {A safe square for the queen. Black is not in a hurry.} (
12... e5 13. b4 Qc7 14. Nb3 Be6 15. Qc2 f5 16. c5 {[%cal Ge2c4] looks
acceptable for White.}) 13. b4 b6 $1 {[%cal Gc8b7,Gb8d7,Gd7e5] Black's
planning development of the bishop to b7 and the queen knight will go via d7
to e5.} 14. Rc1 Bb7 15. f4 {White wants to compensate Black's presence in the
centre, but weakens position of his king. However it's not so easy to
recommend a good alternative.} exf3 $1 16. gxf3 {Looking for counterplay along
the g-file.} ({After} 16. Bxf3 Nc6 {the e3-pawn remains weak.} (16... Nd7 $5))
16... Nd7 17. Rg1 Nf6 {[%cal Gc7h2] The most natural square for the knight.
This way Huzman prevents any ideas along the big dark diagonal.} 18. Rg2 Rac8
19. Qc2 Rfd8 20. Kf2 {[%cal Gc1g1] White prepares doubling of rooks.} Nh5 $5 {
[%cal Ge7f6] Black is intending to reduce the pressure by placing his
dark-squared bishop on the a1-h8-diagonal.} (20... Kh8 $1 21. Rcg1 g6 {[%cal
Ge6e5] with the idea of e5 was the most logical follow-up of the previous play.
However it was mentally difficult to place the king on the diagonal of the
dark-squared bishop and then to open the diagonal with g6.}) 21. Rcg1 Bf6 {
Black leaves the option of Bh4 open.} 22. Bd3 h6 $15 {A good practical
decision. Black stabilizes his advantage. It wasn't easy to calculate and then
allow a series of sacrifices on g6.} (22... g6 $5 {looks dangerous in view of}
23. Bxg6 hxg6 24. Nxe6 {[%cal Gg2g6]} (24. Rxg6+ {is not enough} fxg6 25. Qxg6+
Kh8 26. Qxh5+ Qh7 $19) {However Black has at his disposal a nice counter blow.}
24... Rd2+ $3 25. Qxd2 Bh4+ 26. Kf1 Qxc4+ 27. Re2 Qxe6 $19 {with a decisive
positional advantage.}) 23. Be2 Qe7 $5 {The queen is looking in the direction
of the h4-square. I believe Huzman was preparing an exchange sacrifice on d4
by means of Bxd4 Bxd4 Rxd4, which would be followed by Qh4+ and Qxd4.} (23...
Be5 $5 {was interesting with the idea to provoke} 24. h3 {and then to come
back to f6 to exploit the weakening of the g3-square by means of Bh4.} Bf6 {
[%csl Rg3][%cal Gf6h4]}) 24. Rg4 Kh8 {Prophylaxis against the pressure along
the g-file.} 25. f4 $5 {[%cal Gd4f3] White is trying to regroup his pieces,
but at the same time weakens his position even more.} Rg8 26. Nf3 {I believe
this move makes Black's task easier. I think White should have tried to wait.}
Bxb2 {Black leaves the f6-square for the knight.} ({Black had at his disposal
a nice tactical trick.} 26... Be4 $5 27. Qxe4 (27. Qb3 $6 {is dangerous in
view of} Bf5 $1 {[%csl Rg4]} 28. Bxf6 ({After} 28. R4g2 $6 Bh3 $1 {the rook is
suddenly traped.}) 28... Nxf6 29. Rh4 Ne4+ 30. Ke1 Qf6 {with a big advantage.})
27... Bxb2 {[%csl Ra3][%cal Gh5f6]}) 27. Qxb2 Nf6 28. Rh4 $6 (28. R4g2 $5 {
looks better as the rook is not doing much on h4.}) 28... Bxf3 $5 {Forcing the
king to f3.} 29. Kxf3 (29. Bxf3 {loses to} Ne4+ {[%csl Rf2,Rh4]}) 29... Rcd8
$17 {Black prepares doubling of rooks with further penetration to the second
rank. This idea combined with the weakness of the white king and the one of
e4-square allows us to evaluate position as clearly better for Black.} 30. Qe5
Rd2 31. Rh3 Rgd8 {[%cal Ge7b7]} 32. Kf2 Rc2 {[%cal Gd8d2]} (32... Ra2 {[%cal
Gd8d2] with the same idea of Rdd2 is even more precise.}) 33. Kf1 Rdd2 34. Rg2
Qd8 $1 {[%cal Gd2e2] Black creates a dead threat of Rxe2.} (34... Rc1+ $5 35.
Kf2 Qd8) 35. Qa1 $8 Rxe2 $1 36. Rxe2 Qd3 37. Qe1 Qxc4 $19 {[%cal Gc2c1] White
can't avoid big material losses.} 38. Kf2 Rc1 {A good positional achievement
of Alex Huzman.} (38... Rc1 39. Qd2 Ne4+ {[%csl Rd2,Rf2]}) 0-1